000 00301nam a22001337a 4500
008 170504b xxu||||| |||| 00| 0 eng d
020 _a9781593455125
041 _aeng
080 _22 ED
_a34
100 _a13
101 _aSHJ
245 _aEXPLORING CORRECTIONS
_cWHITEHEAD.J.T
942 _2udc
_cBK
999 _c12639
_d12639